Forum Rechtstatsachen 1998: Veröffentlichung der Redebeiträge aus Forum Rechtstatsachen als Grundlage einer rationalen Kriminalpolitik; Wiesbaden, 15. Januar 1998
| Autor principal: | |
|---|---|
| Autor Corporativo: | |
| Tipo de documento: | Print Libro |
| Lenguaje: | Alemán |
| Publicado: |
Wiesbaden
1998
|
| En: | Año: 1998 |
| Disponibilidad en Tübingen: | Disponible en Tübingen. IFK: P I 612 |
| Availability in Albert-Krebs Library: | CB.60.007 2003-579 |
| Verificar disponibilidad: | HBZ Gateway |
| Servicio de pedido Subito: | Pedir ahora. |
| Palabras clave: |
MARC
| LEADER | 00000cam a2200000 c 4500 | ||
|---|---|---|---|
| 001 | 115313313X | ||
| 003 | DE-627 | ||
| 005 | 20221020204401.0 | ||
| 007 | tu | ||
| 008 | 000203s1998 xx ||||| 00| ||ger c | ||
| 035 | |a (DE-627)115313313X | ||
| 035 | |a (DE-576)083133135 | ||
| 035 | |a (DE-599)BSZ083133135 | ||
| 035 | |a (OCoLC)632976161 | ||
| 040 | |a DE-627 |b ger |c DE-627 |e rakwb | ||
| 041 | |a ger | ||
| 084 | |a 2,1 |2 ssgn | ||
| 084 | |a PC 1100 |2 rvk |0 (DE-625)rvk/135001: | ||
| 245 | 0 | 0 | |a Forum Rechtstatsachen 1998 |b Veröffentlichung der Redebeiträge aus Forum Rechtstatsachen als Grundlage einer rationalen Kriminalpolitik; Wiesbaden, 15. Januar 1998 |c Bundeskriminalamt |
| 264 | 1 | |a Wiesbaden |c 1998 | |
| 300 | |a 135 S. | ||
| 336 | |a Text |b txt |2 rdacontent | ||
| 337 | |a ohne Hilfsmittel zu benutzen |b n |2 rdamedia | ||
| 338 | |a Band |b nc |2 rdacarrier | ||
| 490 | 0 | |a BKA-Forschung |a Informationen aus dem Kriminalistischen Institut | |
| 500 | |a Nach Auskunft d.BKA-Bibliothek ist 4190 (441) Tit. d.ungez. Reihe | ||
| 650 | 4 | |a Rechtspflege |x Forschung |x Kongreß |x Wiesbaden <1998> |7 (dpeaa)DE-2619 | |
| 650 | 4 | |a Kriminologische Forschung |7 (dpeaa)DE-2619 | |
| 655 | 7 | |a Konferenzschrift |y 1998 |z Wiesbaden |0 (DE-588)1071861417 |0 (DE-627)826484824 |0 (DE-576)433375485 |2 gnd-content | |
| 689 | 0 | 0 | |d s |0 (DE-588)4048845-7 |0 (DE-627)106189360 |0 (DE-576)209079487 |a Rechtstatsachenforschung |2 gnd |
| 689 | 0 | 1 | |d s |0 (DE-588)4033181-7 |0 (DE-627)106258575 |0 (DE-576)20900052X |a Kriminalpolitik |2 gnd |
| 689 | 0 | |5 (DE-627) | |
| 700 | 1 | |a Schönborn, Silke |e Red. |4 adp | |
| 710 | 2 | |a Deutschland |b Bundeskriminalamt |0 (DE-588)2119958-9 |0 (DE-627)101625812 |0 (DE-576)193942461 |4 oth | |
| 889 | |w (DE-627)1818616777 | ||
| 935 | |a mkri | ||
| 936 | r | v | |a PC 1100 |b zum Strafrecht, Strafprozessrecht und zur Kriminologie |k Rechtswissenschaft |k Allgemeines zum juristischen Studium und zur Rechtswissenschaft |k Bibliografien und Kataloge |k Allgemein und einzelne Fächer |k Bibliografien und Kataloge |k zum Strafrecht, Strafprozessrecht und zur Kriminologie |0 (DE-627)1271141256 |0 (DE-625)rvk/135001: |0 (DE-576)201141256 |
| 951 | |a BO | ||
| ELC | |b 1 | ||
| LOK | |0 000 xxxxxcx a22 zn 4500 | ||
| LOK | |0 001 2372641131 | ||
| LOK | |0 003 DE-627 | ||
| LOK | |0 004 115313313X | ||
| LOK | |0 005 20000203000000 | ||
| LOK | |0 008 000203||||||||||||||||ger||||||| | ||
| LOK | |0 040 |a DE-21-110 |c DE-627 |d DE-21-110 | ||
| LOK | |0 852 |a DE-21-110 | ||
| LOK | |0 852 1 |c P I 612 |m p |9 00 | ||
| LOK | |0 935 |a k110 | ||
| LOK | |0 936ln |a 2.4 | ||
| LOK | |0 938 |k p | ||
| LOK | |0 939 |a 03-02-00 |b l01 | ||
| LOK | |0 000 xxxxxcx a22 zn 4500 | ||
| LOK | |0 001 2555858180 | ||
| LOK | |0 003 DE-627 | ||
| LOK | |0 004 115313313X | ||
| LOK | |0 005 20100508141235 | ||
| LOK | |0 008 071114||||||||||||||||ger||||||| | ||
| LOK | |0 040 |a DE-21-24 |c DE-627 |d DE-21-24 | ||
| LOK | |0 541 |e 07/4982 | ||
| LOK | |0 852 |a DE-21-24 | ||
| LOK | |0 852 1 |c M,IVa,17 |m p |9 00 | ||
| LOK | |0 852 2 |b S I |9 00 | ||
| LOK | |0 866 0 |z nur: S I | ||
| LOK | |0 936ln |a M,IVa, | ||
| LOK | |0 938 |k p | ||
| LOK | |0 939 |a 14-11-07 |b l01 | ||
| LOK | |0 000 xxxxxcx a22 zn 4500 | ||
| LOK | |0 001 4196271391 | ||
| LOK | |0 003 DE-627 | ||
| LOK | |0 004 115313313X | ||
| LOK | |0 005 20221020204401 | ||
| LOK | |0 008 221011||||||||||||||||ger||||||| | ||
| LOK | |0 035 |a (DE-2619)k03509 | ||
| LOK | |0 040 |a DE-2619 |c DE-627 |d DE-2619 | ||
| LOK | |0 092 |o n | ||
| LOK | |0 541 |e Bestand Albert-Krebs-Bibliothek: 2003-579 | ||
| LOK | |0 852 |a DE-2619 | ||
| LOK | |0 852 1 |c CB.60.007 |m p |9 00 | ||
| LOK | |0 935 |a kreb | ||
| LOK | |0 938 |k p | ||
| LOK | |0 939 |a 11-10-22 |b l01 | ||
| ORI | |a SA-MARC-krimdoka001.raw | ||
| SIG | |a IFK: P I 612 | ||
| TIM | |a 100019980101_100019981231 |b 1998 - 1998 | ||
